Country tripoints by photo - Statistics

General Stats
  • This quiz has been taken 18 times
  • The average score is 5 of 16
Answer Stats
Picture Answer % Correct
Belgium Germany Netherlands
100%
Belarus Russia Ukraine
60%
Austria Hungary Slovakia
53%
Finland Norway Russia
47%
France Germany Switzerland
47%
Austria Czech Republic Germany
40%
France Italy Switzerland
33%
Brazil Guyana Venezuela
27%
Argentina Brazil Paraguay
20%
D.R. Congo Rwanda Uganda
20%
Austria Italy Slovenia
13%
Israel Jordan Syria
13%
Lithuania Poland Russia
13%
Oman Saudi Arabia Yemen
13%
Poland Slovakia Ukraine
13%
China Mongolia Russia
0%
No matching quizzes found
Score Distribution
Percent of People with Each Score
Percentile by Number Answered
Your Score History
You have not taken this quiz